| 000 | 00902nas a2200277 4500 | ||
|---|---|---|---|
| 001 | BR9214252 | ||
| 003 | BR-BrBNA | ||
| 005 | 20231205093605.0 | ||
| 007 | ta | ||
| 008 | 230509b bl.|||p| |||| 00| 00por d | ||
| 040 |
_aBR-BrBNA _bpor _cBiblioteca Nacional de Agricultura |
||
| 041 | _a(Pt) | ||
| 072 | _aH50 | ||
| 100 | 1 | _aMiyazawa, M. | |
| 100 | 1 | _aChierice, G.O. | |
| 100 | 1 | _aPavan, M.A. | |
| 245 | 1 | _aAmenizacao da toxicidade de aluminio as raizes do trigo pela complexacao com acidos organicos | |
| 246 | 1 | _aAmelioration of aluminumm toxicity to wheat roots through organic complexation | |
| 650 | _aTrigo | ||
| 650 | _aRaiz | ||
| 650 | _aFitotoxicidade | ||
| 650 | _aAcido Organico | ||
| 773 | 0 |
_tRevista Brasileira de Ciencia do Solo (Brazil) _xISSN 0100-0683 _g(May-Aug 1992), v. 16(2) p. 209-215 _wBR9214252 |
|
| 909 |
_a202311 _bLúcia _c55 _dLúcia Elande |
||
| 942 |
_2AGRIS _n0 _cANA |
||
| 999 |
_c139339 _d139339 |
||